000 00606nam a2200229Ia 4500
003 OSt
005 20220924122044.0
006 a|||||r|||| 00| 0
007 ta
008 220923b |||||||| |||| 00| 0 urd d
024 _a313328
037 _cTextual
040 _aARTS
_cARTS
_burd
041 _2urd
_aurd
082 _aO168,1M76:gx, M9
100 _aSiddiq Jawed
_9188094
245 0 _aIqbaliyat-e-Rawi
260 _aLahore
_bAl-Faizal Pakistan
_c1989
650 _aURDU POETRY
942 _hO168,1M76:gx, M9
_cTEXL
_2CC
999 _c410018
_d410018